00682nam a2200229Ia 4500003000900000008004100009040001300050040001300063041000800076100002300084100000900107245003700116250001000153260002900163260000900192300001100201300001200212490000600224942000700230999001700237952019800254IT-RoPAU120407s9999 xx 000 0 und d aIT-RoPAU cIT-RoPAU aita aErmenegildo Florit csac. aIspirazione e inerranza biblica. aRoma  aPont. Ateneo Lateranense c1943 a140 p. c24,5 cm v1 cBK c25593d25593 00102ddc406220_100000000000000_671aPAULUSbPAULUSd2012-04-11l0o220.1.6r2012-04-11 00:00:00w2012-04-11yBKzInserito da: Jole In data: 30 luglio 2011 fondo: Via A.Severo 56 Progr:15924